Banderas de las regiones de Chile - Estadísticas

Estadísticas generales
  • Esta prueba ha sido intentada 110 veces
  • La puntuación promedio es 8 de 15
Estadísticas de respuestas
Imagen Respuesta % Correcto
Antofagasta
85%
Valparaiso
82%
Maule
80%
Biobío
78%
Arica y Parinacota
75%
Magallanes y Antártica Chilena
68%
Atacama
53%
Coquimbo
52%
Tarapaca
52%
Región Metropolitana de Santiago
49%
Los Lagos
44%
Los Ríos
39%
Aysen
38%
Región del libertador Bernardo o´Higgins
20%
La Araucariana
1%
No se encontraron pruebas coincidentes
Distribución de puntuación
Porcentaje de gente con cada puntuación
Porcentaje por número respondido
Historial de tus puntuaciones
No has intentado esta prueba.